Missing Word: NCIS Characters Quiz Stats

Quiz not verified by Sporcle

Challenge
Share
Tweet
Embed
Score 0/14 Timer 02:00
0 Plays Today
Character Answer % Correct
__________ McGeeTimothy
98.7%
Leroy __________ GibbsJethro
95.2%
__________ DavidZiva
94.3%
__________ SciutoAbby
94.3%
Dr. Jimmy __________Palmer
91.3%
Tony __________DiNozzo
90.8%
Leon __________Vance
89.1%
Character Answer % Correct
Dr. Donald _________ MallardDucky
88.2%
__________ BishopEllie
77.7%
__________ ToddCaitlin
77.3%
Jenny __________Shepard
65.1%
__________ TorresNick
51.5%
Clayton __________Reeves
43.7%
Alexandra __________Quinn
39.3%

You're not logged in!

Compare scores with friends on all Sporcle quizzes.
Sign Up with Email
OR
Log In

You Might Also Like...

Show Comments

Extras

Top Quizzes Today


Score Distribution

Your Account Isn't Verified!

In order to create a playlist on Sporcle, you need to verify the email address you used during registration. Go to your Sporcle Settings to finish the process.

Report this User

Report this user for behavior that violates our Community Guidelines.

Details: